College Quizbowl Stats
College Quizbowl Stats
Circuits
Seasons
Sets
Records
Detailed Stats
About
Loading...
2024 Booster Shot (Waterloo)
Tossups
Bonuses
Players
Teams
Categories (Tossup)
Categories (Bonus)
Rayton Lin
Waterloo Cali
Categories
Category
Powers
Gets
Negs
BBs
Points
Earliest Buzz
Avg. Buzz
First Buzzes
Top 3 Buzzes
History - American History
2
1
0
0
40
47
71.00
2
3
Philosophy
0
3
1
1
25
85
104.00
0
2
History - Other History
0
1
0
0
10
80
80.00
0
1
Social Science
0
1
0
0
10
95
95.00
0
1
Buzzes
Category
Answer
Value
Buzz Position
History - American History
United States Federal Reserve System
15
47
History - American History
birth control
15
49
Philosophy
meaning
-5
59
History - Other History
Prime Minister of Australia
10
80
Philosophy
Cynicism
10
85
Philosophy
Heraclitus of Ephesus
10
95
Social Science
Marshall McLuhan
10
95
History - American History
Dole
10
117
Philosophy
Summa
10
132
Previous
1
Next